Countries that use bidets - Statistics

General Stats
  • This quiz has been taken 20 times
  • The average score is 3 of 5
Answer Stats
Hint Answer % Correct
1 Japan
80%
3 France
73%
2 Italy
67%
4 South Korea
53%
5 Argentina
20%
No matching quizzes found
Score Distribution
Percent of People with Each Score
Percentile by Number Answered
Your Score History
You have not taken this quiz